000
00301nam a2200133Ia 4500
008
191201s2012 xx 000 0 und d
100
_a
GUPTA,MK
245
0
_a
Financial Accounting
250
_a
Rep
260
_a
N. delhi
_b
Shree Mahavir
_c
2012
300
_a
434
650
_a
MBA
942
_2
ddc
_c
BK
_0
2
999
_c
5569
_d
5569